Imagine Buildings Floating like Clouds: Thoughts and Visions on Contemporary Architecture from 101 Key Creatives (Record no. 12794)
[ view plain ]
| 000 -LEADER | |
|---|---|
| fixed length control field | 00420 a2200133 4500 |
| 008 - FIXED-LENGTH DATA ELEMENTS--GENERAL INFORMATION | |
| fixed length control field | 240705b ||||| |||| 00| 0 eng d |
| 020 ## - INTERNATIONAL STANDARD BOOK NUMBER | |
| International Standard Book Number | 9781864709087 |
| 082 ## - DEWEY DECIMAL CLASSIFICATION NUMBER | |
| Classification number | 720 BEL |
| 100 ## - MAIN ENTRY--PERSONAL NAME | |
| Personal name | Vladimir Belogolovsky |
| 245 ## - TITLE STATEMENT | |
| Title | Imagine Buildings Floating like Clouds: Thoughts and Visions on Contemporary Architecture from 101 Key Creatives |
| 260 ## - PUBLICATION, DISTRIBUTION, ETC. (IMPRINT) | |
| Name of publisher, distributor, etc | Images Publishing |
| Date of publication, distribution, etc | 2022 |
| 300 ## - PHYSICAL DESCRIPTION | |
| Extent | 255p; |
| 942 ## - ADDED ENTRY ELEMENTS (KOHA) | |
| Source of classification or shelving scheme | |
| Withdrawn status | Lost status | Source of classification or shelving scheme | Damaged status | Koha normalized classification for sorting | Not for loan | Permanent location | Current location | Date acquired | Source of acquisition | Cost, normal purchase price | Total Checkouts | Full call number | Barcode | Date last seen | Date last borrowed | Cost, replacement price | Price effective from | Koha item type |
|---|---|---|---|---|---|---|---|---|---|---|---|---|---|---|---|---|---|---|
| 720_000000000000000_BEL | BMS College of Architecture, Design and Planning | BMS College of Architecture, Design and Planning | 2024-07-05 | 1 | 2265.38 | 2 | 720 BEL | AR-UG4005 | 2025-04-16 | 2025-04-09 | 3020.50 | 2024-07-05 | B.PLAN | |||||
| 720_000000000000000_BEL | BMS College of Architecture, Design and Planning | BMS College of Architecture, Design and Planning | 2024-07-05 | 1 | 2265.38 | 2 | 720 BEL | AR-UG4004 | 2025-11-10 | 2025-06-09 | 3020.50 | 2024-07-05 | B.PLAN |